Administrative training and development : a comparative study of East Africa, Zambia, Pakistan, and India /

Bibliographic Details
Corporate Author: Institute of Development Studies (Brighton, England)
Other Authors: Schaffer, Bernard, 1925-1984
Format: Book
Language:English
Published: New York : Praeger, 1974.
Series:Praeger special studies in international economics and development.
Subjects:

MARC

Tag First Indicator Second Indicator Subfields
LEADER 00000pam a2200000 a 4500
001 in00000097639
005 20150924085327.0
008 731128s1974 nyu b 00010 engm
010 |a  73021501  
020 |z 0275086107 :  |c $22.50 
035 |a (OCoLC)00763614 
035 |9 AAK9263AM 
040 |a DLC  |c DLC  |d m.c.  |d TXA  |d UtOrBLW 
043 |a f------  |a a------  |a e-uk--- 
049 |a TXAM  |c [1362745] 
050 0 0 |a JF1338 A2  |b  A34 
082 0 |a 350/.0007/22 
245 0 0 |a Administrative training and development :  |b  a comparative study of East Africa, Zambia, Pakistan, and India /  |c edited by Bernard Schaffer. 
264 1 |a New York :  |b Praeger,  |c 1974. 
300 |a vii, 445 pages ;  |c 25 cm. 
336 |a text  |b txt  |2 rdacontent 
337 |a unmediated  |b n  |2 rdamedia 
338 |a volume  |b nc  |2 rdacarrier 
490 1 |a Praeger special studies in international economics and development 
500 |a "Published in cooperation with the Institute of Development Studies"--p. [ii] 
504 |a Bibliography: pages 378-381. 
650 0 |a Public administration  |x Study and teaching  |x Case studies. 
650 0 |a Technical assistance, British  |x Case studies. 
700 1 |a Schaffer, Bernard,  |d 1925-1984. 
710 2 |a Institute of Development Studies (Brighton, England) 
830 0 |a Praeger special studies in international economics and development. 
999 |a MARS 
999 f f |s ea5302c2-5550-3cf6-a3ab-c6aed55c582d  |i 62f5374b-d0ba-3e53-b143-0fa3f1040d63  |t 0 
952 f f |p ric  |a Texas A&M University  |b Rellis Campus  |c Joint Library Facility  |d Remote Storage  |t 0  |e JF1338 A2 A34  |h Library of Congress classification  |i unmediated -- volume  |m A14806017125 
998 f f |a JF1338 A2 A34  |t 0  |l Remote Storage